Statistiques concernant Devine le pays #2

Cliquez ici pour prendre le quiz!

Statistiques générales

  • Ce quiz a été pris 125 fois
  • Le résultat moyen est 10 sur 15

Statistiques - réponses

Devine le pays ...Réponse% Correct
Le plus de touristesFrance
97%
Frontalier de la France et l'EspagneAndorre
96%
D'où provient la paellaEspagne
92%
Le pays possédant le plus de mégapolesChine
89%
Celui de Max VerstappenPays-bas
84%
Le plus froid en moyenne (2023)Russie
84%
Où se situe L'everest (8848m)Népal
82%
Dont l'emblème est le Kiwi (oiseau)Nouvelle-Zelande
76%
Où il y a plus de lacs, que dans le reste du mondeCanada
72%
Dont l'équipe de rugby est surnommé ''Springboks''Afrique du Sud
62%
Les habitants les plus heureuxFinlande
60%
Le plus d'espèces animalesBrésil
58%
Dans lequel serait situé le projet "The Line"
(Une ville longue de 170km)
Arabie Saoudite
56%
Le plus consommateur de bièresRepublique Tchèque
24%
Drapeau avec le plus de couleurs (43)Equateur
3%

Distribution des résultats

Percentile par nombre de réponses

% des personnes avec chaque résultat

Votre développement - résultats

Vous n’avez pas pris ce quiz